ბათუმის შოთა რუსთაველის სახელმწიფო უნივერსიტეტის ბიბლიოთეკა

Археология Закавказья : (ბიბ.ჩანაწერი № 61042)

000 -LEADER
fixed length control field 00713nam a22001697a 4500
005 - DATE AND TIME OF LATEST TRANSACTION
control field 20231211170423.0
008 - FIXED-LENGTH DATA ELEMENTS--GENERAL INFORMATION
fixed length control field 231211s1949 ru ||||| |||| 00| 0 rus d
041 ## - LANGUAGE CODE
Language code of text/sound track or separate title rus
080 ## - UNIVERSAL DECIMAL CLASSIFICATION NUMBER
Universal Decimal Classification number 902.6(042.4) П-32
100 ## - MAIN ENTRY--PERSONAL NAME
Personal name Пиотровский, Б. Б.
9 (RLIN) 20663
245 ## - TITLE STATEMENT
Title Археология Закавказья :
Remainder of title с древнейших времен до I тысячелетия до н. э. Курс лекции /
Statement of responsibility, etc. Б. Б. Пиотровский.
264 ## - PRODUCTION, PUBLICATION, DISTRIBUTION, MANUFACTURE, AND COPYRIGHT NOTICE
Place of production, publication, distribution, manufacture Ленинград :
Name of producer, publisher, distributor, manufacturer ЛГУ.
Date of production, publication, distribution, manufacture, or copyright notice 1949.
300 ## - PHYSICAL DESCRIPTION
Extent 134 с.:
Other physical details табл.;
Dimensions 22 см.
653 ## - INDEX TERM--UNCONTROLLED
keyword ამიერკავკასიის არქეოლოგია
653 ## - INDEX TERM--UNCONTROLLED
keyword ისტორია
942 ## - ADDED ENTRY ELEMENTS (KOHA)
Source of classification or shelving scheme
Koha item type წიგნი
ეგზემპლარები
Withdrawn status Lost status Source of classification or shelving scheme Damaged status Not for loan Permanent Location Current Location Shelving location Date acquired Cost, normal purchase price Full call number Barcode Date last seen Copy number Uniform Resource Identifier Price effective from Koha item type Public note
          ბათუმის შოთა რუსთაველის სახელმწიფო უნივერსიტეტის მთავარი ბიბლიოთეკა ბათუმის შოთა რუსთაველის სახელმწიფო უნივერსიტეტის მთავარი ბიბლიოთეკა წიგნსაცავი 2023-12-11 8.00 902.6(042.4) П-32 65569 2023-12-11 65569 ბსუ-ს საპატიო დოქტორის გურამ ლორთქიფანიძის საჩუქარი 2023-12-11 წიგნი 8 ლ.